00573nam a2200145Ia 4500008004100000020003300041050002000074245008100094260005200175300000900227650002400236700004100260952010900301999001700410120721s9999 xx 000 0 und d a968-5074-81-X (ed. completa) aJC571 D431 2004 aDerechos humanos y víctimas del delito / coordinador Mario Alvarez Ledesma aMéxico : Instituto Nacional de Ciencias, 2004 av. 2 a1. Derechos humanos aI. Alvarez Ledesma, Mario, coord.Ì 00104070a08b08d2008-12-17l5oJC571 D431 2004p08 000920r2022-10-18s2022-10-18t1w2012-07-20yLB c81420d81420